00619nam a2200181Ia 4500003000900000008004100009040001600050080001500066100002400081245014600105260005500251300001500306490001900321650004100340650002100381700002000402700001500422IN-BaIIA211028s9999 xx 000 0 eng d cIIA Library a535.8bDIB aDi Benedetto, B. A. 0aChemical vapor deposition of multispectral windowscB. A. Di Benedetto, Pappis J. and A. J. Capriulo  aMassachusettsbAir Force Avionics Laboratoryc1973 aviii, 53p. aAFAL-TR-73-252 aAstronomy and astrophysics thesaurus aVapor deposition aCapriulo, A. J. aPappis, J.